La frontera invisible : (Registro nro. 9044)
[ vista simple ]
| 000 -CABECERA | |
|---|---|
| Campo de control | 01039nam a22002537a 4500 |
| 005 - FECHA Y HORA DE LA ULTIMA TRANSACCION | |
| Campo de control | 20150204110829.0 |
| 008 - ELEMENTOS DE LONGITUD FIJA—INFORMACION GENERAL | |
| Campo de control | 120821s2012 ec a b 000 0 spa |
| 020 ## - ISBN | |
| ISBN | 9789942112804 |
| 040 ## - FUENTE DE CATALOGACIÓN | |
| Agencia catalogadora original | DLC |
| Agencia transcriptora | DLC |
| Agencia Modificadora | DLC |
| -- | Co-BoIAVH |
| 041 ## - IDIOMA | |
| Código de idioma para texto/pista de sonido o título separado | Español |
| 044 ## - PAÍS DE PUBLICACIÓN | |
| País de publicación | Ecuador |
| 082 00 - NUMERO DE CLASIFICACION DECIMAL DEWEY | |
| Número de clasificación | 338.2098 |
| Número del ítem | I98f |
| 100 1# - ASIENTO PRINCIPAL--NOMBRE PERSONAL | |
| Nombre personal | Izko-Gastón, Javier. |
| 245 13 - MENCION DE TITULO | |
| Título | La frontera invisible : |
| Parte restante del título | actividades extractivas, infraestructura y ambiente en la Amazonía ecuatoriana, 2010-2030 / |
| Mención de responsabilidad | Xavier Izko; contribución de Mónica Tobar. |
| 260 ## - PUBLICACION, DISTRIBUCION, ETC. (PIE DE IMPRENTA) | |
| Lugar de publicación, distribución, etc. | Quito: |
| Nombre del editor, distribuidor, etc. | Iniciativa para la Conservación del Área Andina ICAA, |
| Fecha de publicación, distribución, etc. | 2012. |
| 300 ## - DESCRIPCION FISICA | |
| Extensión | 314 pages : |
| Otros detalles físicos | il., (col), mapas ; |
| Dimensiones | 28 cm |
| 504 ## - NOTA DE BIBLIOGRAFIA, ETC. | |
| Nota de bibliografía | Incluye referencias bibliográficas (p. 224-243). |
| 650 #0 - ASIENTO SECUNDARIO DE MATERIA - TERMINO TEMATICO | |
| Término temático o nombre geográfico como elemento de entrada | Industria mineral |
| Subdivisión general | aspectos ambientales |
| Subdivisión geográfica | Ecuador. |
| 650 #0 - ASIENTO SECUNDARIO DE MATERIA - TERMINO TEMATICO | |
| Término temático o nombre geográfico como elemento de entrada | Industria mineral |
| Subdivisión geográfica | Ecuador. |
| 651 #0 - ASIENTO SECUNDARIO DE MATERIA - NOMBRE GEOGRAFICO | |
| Nombre geográfico | Río Amazonas (región) |
| Subdivisión general | Condiciones ambientales |
| 700 1# - ASIENTO SECUNDARIO - NOMBRE PERSONAL | |
| Nombre personal | Tobar, Mónica, |
| Término de relación | contribución. |
| 700 1# - ASIENTO SECUNDARIO - NOMBRE PERSONAL | |
| Nombre personal | Torres, Paulina, |
| Término de relación | editora. |
| 942 ## - ELEMENTOS ADICIONALES (KOHA) | |
| Sistema de clasificación | Dewey Decimal Classification |
| Tipo de ítem | Libro |
| Withdrawn status | Lost status | Sistema de Clasificación | Damaged status | No para préstamo | Colección | Inventariado | Ubicación Permanente | Ubicación actual | Fecha de adquisición | Fuente de Valor | Valor | Total Checkouts | Número topográfico | Inventario / Código de Barras | Date last seen | Ejemplar | Price effective from | Forma de adquisición | Tipo de material |
|---|---|---|---|---|---|---|---|---|---|---|---|---|---|---|---|---|---|---|---|
| Dewey Decimal Classification | General | Inventariado 2017 | Bogotá | Bogotá | 04/02/2015 | Instituto | 39000.00 | LB-338.2098 I98f | 038649 | 04/02/2015 | Ej. 1 | 04/02/2015 | Libro |